Dans quel pays retrouve-t-on les lettres IRAN? - Statistiques

Statistiques générales
  • Ce quiz a été pris 498 fois
    450 depuis la dernière actualisation
  • Le résultat moyen est 11 sur 34
Statistiques - réponses
Réponse % Correct
Iran
68%
Argentine
54%
Irlande
54%
Turkménistan
54%
Kirghizistan
49%
Azerbaïdjan
46%
Arménie
45%
République démocratique du Congo
40%
Roumanie
40%
Birmanie
39%
Émirats arabes unis
37%
Royaume-Uni
36%
Saint-Christophe-et-Niévès
34%
Mauritanie
33%
République Dominicaine
33%
République centrafricaine
32%
Saint-Vincent-et-les-Grenadines
31%
Nicaragua
30%
Nigeria
29%
Antigua-et-Barbuda
27%
Jordanie
27%
Ukraine
27%
Saint-Marin
26%
Sri Lanka
23%
Trinité-et-Tobago
23%
Guinée équatoriale
22%
Suriname
19%
Bahreïn
18%
Burkina Faso
17%
Macédoine du Nord
16%
Sierra Leone
16%
São Tomé-et-Principe
15%
Singapour
14%
Timor oriental
12%
Aucun quiz correspondant
Distribution des résultats
% des personnes avec chaque résultat
Percentile par nombre de réponses
Votre historique - résultats
Vous n’avez pas pris ce quiz depuis la dernière actualisation